Music Quiz

Random Music or Rock Quiz
Score 0/20 Timer 04:00
1 Play Today
Question Answer Wrong Answers
Which Police member is Sting? Sting
96%
Andy Summers
1.2%
Stewart Copeland
0.7%
Which White Stripes member is Meg White? Meg White
94.7%
Jack White
3.2%
Which Guns N' Roses member is Slash? Slash
93.1%
Steven Adler
1.1%
Duff McKagen
1.3%
Axl Rose
2.4%
Which Doors member is Jim Morrison? Jim Morrison
92.4%
Ray Manzarek
1.7%
Robby Krieger
2.2%
John Densmore
1.5%
Which Spice Girl is Baby Spice? Baby
90.8%
Posh
2.2%
Ginger
3.5%
Scary
1.3%
Which R.E.M member is Michael Stipe? Michael Stipe
84.4%
Mike Mills
5.3%
Peter Buck
4.9%
Bill Berry
3%
Which Smashing Pumpkins members is Billy Corgan? Billy Corgan
82.8%
James Iha
6%
D'arcy Wretzky
3%
Jimmy Chamberlin
5.8%
Which OutKast member is Big Boi? Big Boi
72.2%
André 3000
25.6%
Which Aerosmith member is Joe Perry? Joe Perry
70.2%
Steven Tyler
4%
Tom Hamilton
14.5%
Joey Kramer
8.9%
Which Sex Pistols member is Sid Vicious? Sid Vicious
69.5%
Johnny Rotten
22.5%
Steve Jones
3.2%
Paul Cook
2.6%
Which Black Eyed Peas member is Taboo? Taboo
69.2%
Fergie
2.3%
will.i.am
5.7%
apl.de.ap
20.6%
Which Rush member is Geddy Lee? Geddy Lee
64.3%
Neil Peart
15.5%
Alex Lifeson
17.8%
Which Mumford & Sons member is Marcus Mumford? Marcus Mumford
58.7%
Winston Marshall
11.5%
Ben Lovett
10.4%
Ted Dwane
16.9%
Which ZZ Top member is Frank Beard? Frank Beard
57.3%
Dusty Hill
15.8%
Billy Gibbons
24.7%
Which Green Day member is Tré Cool? Tré Cool
56.1%
Billie Joe Armstrong
6.6%
Mike Dirnt
35.2%
Which Brooks & Dunn member is Kix Brooks? Kix Brooks
52.4%
Ronnie Dunn
45.1%
Which Three Tenors member is Plácido Domingo? Plácido Domingo
47.6%
José Carreras
28.2%
Luciano Pavarotti
21.9%
Which Eagles member is Don Henley? Don Henley
45.5%
Glenn Frey
24.6%
Bernie Leadon
18%
Randy Meisner
9.5%
Which Black Sabbath member is Geezer Butler? Geezer Butler
34.1%
Ozzy Osbourne
24.4%
Tony Iommi
21.2%
Bill Ward
17.9%
Which Coldplay member is Jonny Buckland? Jonny Buckland
31.1%
Chris Martin
26.4%
Will Champion
14.8%
Guy Berryman
25.2%
Remove Ads.
Support Sporcle.
Get the best of Sporcle when you Go Orange. This ad-free experience offers more features, more stats, and more fun while also helping to support Sporcle. Thank you for becoming a member.

You're not logged in!

Compare scores with friends on all Sporcle quizzes.
OR
Log In

Sporcle TV

Today on Sporcle TV


Watch our educational content, quiz creation guides, and fun videos on Sporcle TV.

Show Comments

Extras

Top Quizzes Today


Score Distribution

Paid Content

Your Account Isn't Verified!

In order to create a playlist on Sporcle, you need to verify the email address you used during registration. Go to your Sporcle Settings to finish the process.

Report this User

Report this user for behavior that violates our Community Guidelines.

Details: